Nation-building in Malaysia : 1946-1974

Bibliographic Details
Main Author: Ongkili, James P
Format: Book
Published: Singapore : Oxford University Press , 1986
Subjects:

MARC

LEADER 00000cam a2200000 7i4500
001 0000004067
002 000004377
005 20071226.0
020 |a 0195826817 
090 0 0 |a 324.2   |b ONG 
100 1 |a Ongkili, James P 
245 1 0 |a Nation-building in Malaysia :   |b 1946-1974   |c James P.Ongkili 
260 |a Singapore :   |b Oxford University Press ,   |c 1986 
300 |a 275p. ;   |c 22cm. 
650 0 0 |a Political parties   |z Malaysia 
650 0 0 |a Politics   |z Malaysia 
651 0 |a Malaysia   |x Politics and government   |y 1946-1974 
999 |a 037274   |b BUKU   |c PINJAMAN   |e PERPUSTAKAAN KOMUNITI PETALING JAYA